|
|
|
|
| LEADER |
00000nam a2200000 a 4500 |
| 001 |
vtls008878971 |
| 003 |
SK-MaSNL |
| 005 |
20260301080438.0 |
| 008 |
240314s2005 yu a b 000 0 slo |
| 015 |
|
|
|a SNBZSA2007-00284
|
| 020 |
|
|
|a 8674320201
|q (brož.)
|
| 035 |
|
|
|a DEE54AD4-BB93-4E08-9489-1E95B18B84E1
|
| 035 |
|
|
|a urn:nbn:sk:snk-amlsjx
|
| 035 |
|
|
|a urn:nbn:sk:snk-am00c9if
|
| 040 |
|
|
|a SNK
|b slo
|c SNK
|e AACR2
|
| 041 |
1 |
|
|a slo
|h scc
|
| 043 |
|
|
|a e-rb---
|
| 044 |
|
|
|a rb
|c RS
|
| 072 |
|
7 |
|a 37.016
|x Učebné osnovy. Vyučovacie predmety. Učebnice
|2 konspekt
|
| 080 |
|
|
|a 37.016:028.2:341.2
|x (4)
|2 2001
|
| 100 |
1 |
|
|a Ršumović, Ljubivoje,
|d 1939-
|4 aut
|9 178737
|
| 245 |
1 |
0 |
|a Šlabikár detských práv
|c Ljubivoje Ršumović ; ilustroval Dobrosav-Bob Živković
|
| 250 |
|
|
|a 1. vyd.
|
| 260 |
|
|
|a Belehrad
|b RŠUM
|c 2005
|
| 300 |
|
|
|a [72] s.
|b fareb. ilustr.
|c 30 cm
|
| 490 |
1 |
|
|a Projekt Priatelia detí Srbska / Výbor pre ochranu práv dieťaťa
|
| 500 |
|
|
|a 500 výt.
|
| 650 |
0 |
7 |
|a práva detí
|2 snkph
|9 2258
|
| 655 |
|
7 |
|a šlabikáre
|2 snkph
|9 70665
|
| 655 |
|
7 |
|a učebnice základných škôl
|2 snkph
|9 70187
|
| 700 |
1 |
|
|a Živković, Dobrosav Bob,
|d 1962-
|4 ill
|9 401154
|
| 700 |
1 |
|
|a Kotvášová-Jonášová, Mária,
|d 1957-
|4 trl
|9 237965
|
| 700 |
1 |
|
|a Stanová, Katarína,
|d 1977-
|4 trl
|9 253353
|
| 700 |
1 |
|
|a Zlochová, A.
|4 trl
|9 402158
|
| 810 |
2 |
|
|a Výbor pre ochranu práv dieťaťa
|t Projekt Priatelia detí Srbska
|9 402159
|
| 919 |
|
|
|a 86-7432-020-1
|
| 958 |
|
|
|a ZS
|
| 958 |
|
|
|a OP
|
| 958 |
|
|
|a DB
|
| 958 |
|
|
|a RS
|
| 999 |
|
|
|c 653202
|d 655132
|
| 952 |
|
|
|a SNK
|b SNK
|y PREZ
|7 0
|p 17A0528750
|o snkSB 73325
|i snk2006/24221
|8 2
|g 4.98
|0 0
|1 0
|4 0
|d 2006-11-16
|f 1
|l 0
|r 2025-04-28 00:00:00
|w 2026-02-23
|